000
00418nam a2200133Ia 4500
008
100328s9999 xx 000 0 und d
082
_b
13941
100
_a
बुवा वि.आ.
245
_a
कशासाठी पैशासाठी
260
_b
सुमंगल
630
_a
कशासाठी पैशासाठी
730
_a
कशासाठी पैशासाठी
942
_c
BOOK
999
_c
508975
_d
508972